Who said these funny Avengers quotes? - Statistics

General Stats
  • This quiz has been taken 38 times
    25 since last reset
  • The average score is 9 of 11
Answer Stats
Hint Answer % Correct
"You listen well, brother! You-" (cut off as Iron Man comes out of nowhere and pummels him off the cliff) (expectantly):"I'm listening." Thor/ loki
100%
:"who in this room is a) wearing a spangly outfit and b) not of any use." tony stark
100%
"That man is playing Gallaga. Thought we wouldn't notice, but, we did. How does Fury even see these "He turns."
"Sounds exhausting.
tony stark
100%
“Honestly, until this exact second, I thought you were a Build-a-Bear.” tony stark
100%
"Attack" "Wait we need a plan." "I have a plan, Attack" tony stark/captain america
100%
"We know each other! He's a friend from work!" Thor
95%
“Someone peed my pants! Not sure if it was the baby me or the old me. Or was it just me-me?” scott lang
86%
“You get hurt, hurt ’em back. You get killed, walk it off.” Steve rogers
82%
please comment any quiz suggestions, and type ok. ok
64%
"... and then to be reminded of what real power is." "Well let me know if "real power" wants a magazine or something." Nick fury/ loki
50%
"I watched you when you were sleeping.....I mean i was present while you were unconscious." agent colsen
0%
No matching quizzes found
Score Distribution
Percent of People with Each Score
Percentile by Number Answered
Your Score History
You have not taken this quiz since the last reset